000 00489nam a2200145 a 4500
001 000028832
005 20200930055150.0
008 110412s1983 dr 000 0 spa d
040 _aDO-SdBNP
_bspa
_cBNPHU
245 0 0 _aAcademia Dominicana de Medicina :
_botros maestros de la medicina (con motico de la inaguración de la galeríade profesores )/.
250 _a3a ed.
260 _aSanto Domingo :
_bAcademia Dominicana de Medicina,
_c1983.
300 _a26 P. ;
_c22 cm.
049 _aBNPD
999 _c28324
_d28324